Slovak Technical University Faculty of Machine Technology. Trnava. Czechoslovakia /

Uložené v:
Podrobná bibliografia
Ďalší autori: Kuracina, Ján (Prekladateľ)
Médium: Kniha
Jazyk:Multiple languages
Vydavateľské údaje: /Trnava/ : /StF, [1990]
Predmet:
Tagy: Pridať tag
Žiadne tagy, Buďte prvý, kto otaguje tento záznam!

MARC

LEADER 00000nam a22000003a 4500
001 stu42058
005 20150617225658.3
008 940209s1990----cs------------------mul-d
040 |a STU  |b slo 
041 0 |a mul 
044 |a cs 
080 |a 378.662(437.627) 
100 1 |a Kuracina, Ján  |4 trl 
245 1 |a Slovak Technical University Faculty of Machine Technology. Trnava. Czechoslovakia /  |c Zo slov. Ján Kuracina 
260 |a /Trnava/ :  |b /StF,  |c [1990] 
300 |a 29 s 
650 7 |a Školy vysoké technické  |2 stusub 
650 7 |a StF Trnava  |2 stusub 
650 7 |a preklady  |2 stusub 
996 |b MP 92  |c M*P-92  |l MMKN  |s A  |a 24  |w stu42058_0001